Eintracht Frankfurt Kader 2025/26 - Statistiken

Allgemein
  • Dieses Quiz wurde 67 mal gespielt
  • Das Durchschnittsergebnis liegt bei 20 aus 30
Antwortstatistiken
Nummer Position Spieler % Korrekt
40 TW Kauã Santos
98%
4 IV Robin Koch
96%
15 ZDM Ellyes Skhiri
89%
23 TW Michael Zetterer
89%
3 IV Arthur Theate
87%
16 ZM Hugo Larsson
85%
27 ZOM Mario Götze
85%
21 LV Nathanial Brown
85%
7 RF Ansgar Knauff
83%
13 RV Rasmus Kristensen
83%
20 RF Ritsu Doan
83%
6 ZM Oscar Hojlund
77%
9 ST Jonathan Burkardt
74%
34 IV Nnamdi Collins
74%
11 ST Younes Ebnoutalib
74%
5 IV Aurèle Amenda
72%
19 LF Jean-Mattéo Bahoya
72%
18 ZM Mahmoud Dahoud
70%
41 ZOM Can Uzun
68%
8 ZM Farès Chaïbi
66%
2 RV Elias Baum
64%
25 ST Arnaud Kalimuendo
62%
33 TW Jens Grahl
62%
22 RV Timothy Chandler
60%
30 ST Michy Batshuayi
45%
26 LV Keita Kosugi
34%
29 ST Ayoube Amaimouni-Echghouyab
28%
31 ZOM Love Arrhov
28%
39 TW Amil Siljevic
23%
32 ST Jessic Ngankam
23%
Keine übereinstimmenden Quizze gefunden
Verteilung der Resultate
Anzahl Personen mit jedem Resultat
Perzentil nach korrekt beantworteten Fragen
Ihre Resultats-Entwicklung
Sie haben dieses Quiz noch nicht gespielt